Essential Guide to Clinical Pathology (Record no. 1368)

MARC details
000 -LEADER
Fixed length control field 00547nam a2200205Ia 4500
003 - CONTROL NUMBER IDENTIFIER
Control field IIN
005 - DATE AND TIME OF LATEST TRANSACTION
Control field 20251124121612.0
008 - FIXED-LENGTH DATA ELEMENTS--GENERAL INFORMATION
Fixed length control field 231217s9999 xx 000 0 und d
020 ## - INTERNATIONAL STANDARD BOOK NUMBER / ISBN
Price Rs.850.00
International Standard Book Number NIL
040 ## - CATALOGING SOURCE
Original cataloging agency IIN
Language of cataloging English
082 ## - DEWEY DECIMAL CLASSIFICATION NUMBER
Classification number 616.075
Book Number BHA
100 1# - MAIN ENTRY--PERSONAL NAME
Personal name Bhattacharyya, T. N.
245 1# - TITLE STATEMENT
Title Essential Guide to Clinical Pathology
Statement of responsibility by T.N. Bhattacharyya
250 ## - EDITION STATEMENT
Edition statement 12th ed
260 ## - IMPRINT
Name of publisher Ananda Publishers
Place of publication Kolkata
Date of publication 2021
300 ## - PHYSICAL DESCRIPTION
Page / Vol. No [3];1-882p.
500 ## - GENERAL NOTE
General note Includes Index
650 1# - SUBJECT ADDED ENTRY--TOPICAL TERM
Topical term Pathology
Form subdivision Clinical
942 ## - ADDED ENTRY ELEMENTS (KOHA)
Koha item type Books
Holdings
Withdrawn status Lost status Damaged status Not for loan Collection code Home library Current library Date acquired Price Total Checkouts Call number Accession number Date last seen Price effective from Koha item type Source of classification Shelving location
          IDEAL INSTITUTE OF NURSING IDEAL INSTITUTE OF NURSING 17/12/2023 850.00   616.075 BHA 1362 17/12/2023 17/12/2023 Books    
          IDEAL INSTITUTE OF NURSING IDEAL INSTITUTE OF NURSING 17/12/2023 850.00   616.075 BHA 1363 17/12/2023 17/12/2023 Books    
          IDEAL INSTITUTE OF NURSING IDEAL INSTITUTE OF NURSING 17/12/2023 850.00   616.075 BHA 1364 17/12/2023 17/12/2023 Books    
        Purches Book IDEAL INSTITUTE OF NURSING IDEAL INSTITUTE OF NURSING 11/04/2025 850.00   616.075 BHA 1777 24/11/2025 24/11/2025 Books Dewey Decimal Classification General Stacks
© Ideal Institute Of Nursing, All rights reserved.         Powered by Koha